| 000 | 00585nam a22002057a 4500 | ||
|---|---|---|---|
| 003 | Ost | ||
| 005 | 20250612134946.0 | ||
| 008 | 250612b |||||||| |||| 00| 0 eng d | ||
| 020 | _a9781844076505 | ||
| 040 | _cBT-PhCST | ||
| 050 | _a25365-25369 | ||
| 082 |
_222 _a306.24 _bLEN |
||
| 100 | _aLenton, Roberto. | ||
| 245 |
_aIntegrated water resources management in practice : _bbetter water management for development / |
||
| 260 |
_aUK : _bEarthscan, _cc2009. |
||
| 300 |
_axi, 228 p. ; _bill. ; _c25 cm. |
||
| 500 | _aIncludes Index. | ||
| 700 | _aMuller, Mike. | ||
| 942 |
_2ddc _cWRE |
||
| 999 |
_c10018 _d10018 |
||